000 00297nam a22001337a 4500
008 170815b xxu||||| |||| 00| 0 eng d
020 _a9780070026643
041 _aeng
080 _22 ED
_a51
100 _a36
101 _aMAT
245 _aCOLLEGE MATHEMATICS
_cSCHMIDT.P.A
942 _2udc
_cBK
999 _c23452
_d23452